00873nam a2200253Ia 450000500170000000800410001702000150005804100080007308200160008110000260009724501000012325000220022330000390024549000120028460000360029665000300033265000670036270000340042926400330046333600270049633700330052333800280055604000350058420220316235514.0121119s2000 ck a jr 000 0dspa  a95890379410 aspa04a923.9b017R1 aReyes, Yolandad1959-10aMauricio Obregón bnavegante de mar y cielo cYolanda Reyes ; ilustraciones, Claudia García aPrimera edición a75 páginasbilustracionesc28 cm0 aJuvenil14aObregón, Mauriciod1921-1998 14a Literatura juvenil2LEMB14aViajeros españolesxLiteratura infantil vBiografías2LEMB1 aGarcía, Claudiaeilustrador aBogotá bColcienciasc2000 atextobtxt2rdacontent asin mediaciónbn2rdamedia avolumenbnc2rdacarrier aCO-BoRNBPbspaerdacCO-BoRNBP